000 01631nam a2200493 i 4500
001 9375
003 KOSZ 005
005 20200406104710.0
008 020215s1977 pl a f f |000 0 pol
015 _aPB 1977/6726
035 _a991017744289705066
035 _a(PL-WaBN)b14801371-48omnis_nlop
035 _ab14801371
035 _a(OCoLC)830293559
035 _a(PL)b0000001480137
035 _a(EXLNZ-48OMNIS_NETWORK)9910355192505606
040 _aWA N
_cWA N
_dKOSZ 005/EG
041 0 _apol
046 _k1968
080 _a539.3/.6
080 _a(075.8)
100 1 _aBielewicz, Eugeniusz
_d(1923- )
_eAutor
245 1 0 _aWytrzymałość materiałów /
_cEugeniusz Bielewicz, Andrzej Chudzikiewicz.
250 _aWyd. 3.
260 _aGdańsk :
_bPolitechnika Gdańska,
_c1977.
300 _a299 s. :
_bil., tab., wykr. ;
_c24 cm.
336 _2rdacontent
_aTekst
_btxt
337 _2rdamedia
_aBez urządzenia pośredniczącego
_bn
338 _2rdacarrier
_aWolumin
_bnc
380 _aKsiążki
380 _aPublikacje dydaktyczne
385 _mPoziom nauczania
_aSzkoły wyższe
388 _a1901-2000
388 _a1945-1989
650 7 _aWytrzymałość materiałów
_2DBN
655 7 _aPodręczniki akademickie
_2DBN
658 _aFizyka i astronomia
658 _aInżynieria i technika
710 2 _aWydawnictwo Politechniki Gdańskiej
700 1 _aChudzikiewicz, Andrzej
_d(1949- )
_eAutor
856 _uhttp://koha.tu.koszalin.pl/cgi-bin/koha/opac-detail.pl?biblionumber=9375
_yKatalog online BPK
942 _2UKD
_cKS
999 _c9375
_d9375